| 000 | 00842nam a2200205 i 4500 | ||
|---|---|---|---|
| 001 | 33312 | ||
| 003 | ES-MaACL | ||
| 005 | 20230906154733.0 | ||
| 007 | t| | ||
| 008 | 030202q1890 sp d |||| | spa d | ||
| 100 | 1 |
_aBesses, Luis. _928600 |
|
| 245 | 1 | 0 |
_aDiccionario de argot español _bo Lenguaje jergal gitano, delincuente profesional y popular / _cpor Luis Besses. |
| 246 | 3 | 0 | _aLenguaje jergal gitano, delincuente profesional y popular |
| 260 |
_aBarcelona : _bSucesores de Manuel Soler, _c[1890?] ( _fTip. de Modesto Berdós) |
||
| 300 |
_a273 p. ; _c16 cm. |
||
| 530 | _aDisponible en formato digital. | ||
| 650 | 4 |
_aLengua española- _xArgots y jergas- _vDiccionarios. _9148231 |
|
| 852 |
_aES-MaACL _jF-15617 |
||
| 856 |
_uhttp://bibliotecadigital.jcyl.es/i18n/consulta/registro.cmd?id=13365 _zBiblioteca Digital de Castilla y León |
||
| 999 |
_c33312 _d33312 |
||